000 00945cab a2200289 4500
001 ABS51259
008 090401t1994 xxu||||| |||| 00| 0 eng d
035 _a(Sirsi) u17867
041 _aeng
245 _aHousing needs and the Housing Corporation`s approved development programme for 1995/96
260 _c1994
350 _a0
490 _aHA Weekly
_v(375) 19 August 1994, 13-16(4)
520 _aSummarises the paper prepared for the Housing Corporation and DoE and and submitted by the NFHA in July 1994 confirming NFHA priorities based in housing needs identified nationally.
650 _aAPPROVED DEVELOPMENT PROGRAMME
650 _aFUNDING
650 _aHOUSING CORPORATION
650 _aHOUSING NEEDS
650 _aHOUSING POLICY
650 _aPRIVATE RENTED SECTOR
650 _aRENTED HOUSING
650 _aSOCIAL HOUSING
650 _aSPECIAL NEEDS
690 _aHOUSING
942 _n0
948 _c04/03/1997
999 _c11848
_d11848